Konfliktushelyzetek a mai iskolában

Elmentve itt :
Bibliográfiai részletek
Szerző: Toldi Levente
További közreműködők: Fáyné dr. Dombi Alice (Témavezető)
Dokumentumtípus: Szakdolgozat
Megjelent: 1994
Tárgyszavak:
Online Access:http://diploma.bibl.u-szeged.hu/115201
LEADER 00685nta a2200193 i 4500
001 dipl115201
005 20210521114328.0
008 210511s1994 hu om 0|| zxx d
040 |a SZTE Diploma Repozitórium  |b hun 
041 |a zxx 
100 1 |a Toldi Levente 
245 1 0 |a Konfliktushelyzetek a mai iskolában  |h [elektronikus dokumentum] /  |c Levente Toldi 
260 |c 1994 
650 4 |a Pedagógusképzés 
650 4 |a Social sciences 
650 4 |a Educational sciences 
650 4 |a Education, general (including training, pedagogy, didactics) 
700 2 |a Fáyné dr. Dombi Alice  |e ths 
856 4 0 |u http://diploma.bibl.u-szeged.hu/id/eprint/115201/1/1994_toldi_levente.pdf  |z Dokumentum-elérés